00222 a2200109 450000100060000008200170000610000170002324500120004026000290005230000140008150000170009592166 a891.4391 WAF aWafa Chishti aDaryaab aIslamabadbMarasemc2012 a192p.bHb aGeneral Book